[Event "Hyderabad Slan op 1st"]
[Site "Hyderabad"]
[Date "2023.07.22"]
[Round "4"]
[White "Mehta, Jwalin"]
[Black "Dhruv, Singh Bisht"]
[Result "1-0"]
[WhiteElo "2086"]
[BlackElo "1542"]
[PlyCount "81"]
[EventDate "2023.07.21"]
[EventType "swiss"]
[EventRounds "9"]
[EventCountry "IND"]
[SourceTitle "CBM 215 Extra"]
[Source "ChessBase"]
[SourceDate "2023.09.30"]
[SourceVersion "1"]
[SourceVersionDate "2023.09.30"]
[SourceQuality "1"]

1. d4 d5 2. c4 e6 3. Nc3 Be7 4. cxd5 exd5 5. Bf4 c6 6. e3 Nf6 7. Bd3 0-0 8. h3 Re8 9. Nf3 Nbd7 10. 0-0 Nf8 11. Rb1 Ng6 12. Bh2 Bd6 13. Bxd6 Qxd6 14. Qc2 Qe7 15. Nd2 Bd7 16. b4 Rac8 17. Rfe1 Qd6 18. a3 a5 19. bxa5 c5 20. Rb6 Qe7 21. Bxg6 hxg6 22. Qa2 Bc6 23. Nf3 Nd7 24. Rbb1 c4 25. e4 Qd6 26. e5 Qc7 27. Nb5 Bxb5 28. Rxb5 Qc6 29. Reb1 Ra8 30. Qc2 Ra7 31. Qc3 Rea8 32. Ne1 b6 33. axb6 Rxa3 34. Qb4 R3a6 35. Nc2 Rb8 36. b7 Ra2 37. Ne3 c3 38. Nxd5 Kh7 39. Qxc3 Qe6 40. Nb4 Re2 41. Qd3 1-0

[Event "Hyderabad Slan op 1st"]
[Site "Hyderabad"]
[Date "2023.07.22"]
[Round "3"]
[White "Shivamshika, G."]
[Black "Mehta, Jwalin"]
[Result "0-1"]
[WhiteElo "1432"]
[BlackElo "2086"]
[PlyCount "114"]
[EventDate "2023.07.21"]
[EventType "swiss"]
[EventRounds "9"]
[EventCountry "IND"]
[SourceTitle "CBM 215 Extra"]
[Source "ChessBase"]
[SourceDate "2023.09.30"]
[SourceVersion "1"]
[SourceVersionDate "2023.09.30"]
[SourceQuality "1"]

1. d4 d5 2. c4 c6 3. Nc3 Nf6 4. Nf3 dxc4 5. e4 b5 6. Be2 e6 7. 0-0 Bb7 8. Bg5 Qb6 9. Qc2 Nbd7 10. b3 cxb3 11. axb3 h6 12. Be3 a6 13. d5 c5 14. Rfd1 e5 15. b4 Rc8 16. Qb2 Ng4 17. bxc5 Bxc5 18. Bxc5 Qxc5 19. Rdc1 Qxf2+ 20. Kh1 Qe3 21. Nd1 Rxc1 22. Rxc1 Qxe4 23. Rc7 Qxd5 24. Nc3 Qd6 25. Rxb7 0-0 26. Qd2 Nf2+ 27. Kg1 Qc5 28. Kf1 Nf6 29. h3 N2e4 30. Nxe4 Nxe4 31. Qe1 Rd8 32. Bd3 Nd6 33. Re7 Nc4 34. Qe4 Kf8 35. Rxf7+ Kxf7 36. Qg6+ Kf8 37. Qh7 Qd5 38. Be4 Qg8 39. Qf5+ Qf7 40. Qh7 Nd2+ 41. Ke2 Nxe4 42. Qxe4 Qc4+ 43. Qxc4 bxc4 44. Nxe5 c3 45. Nd3 c2 46. Nc1 Rd1 47. g4 Rxc1 48. g5 Rd1 49. gxh6 gxh6 50. h4 c1Q 51. h5 Re1+ 52. Kd3 Re3+ 53. Kd4 Qc3+ 54. Kd5 Re5+ 55. Kd6 Qc5+ 56. Kd7 Re7+ 57. Kd8 Qc7# 0-1

[Event "Hyderabad Slan op 1st"]
[Site "Hyderabad"]
[Date "2023.07.21"]
[Round "2"]
[White "Mehta, Jwalin"]
[Black "Manikanta, Barla"]
[Result "1-0"]
[WhiteElo "2086"]
[BlackElo "1305"]
[PlyCount "67"]
[EventDate "2023.07.21"]
[EventType "swiss"]
[EventRounds "9"]
[EventCountry "IND"]
[SourceTitle "CBM 215 Extra"]
[Source "ChessBase"]
[SourceDate "2023.09.30"]
[SourceVersion "1"]
[SourceVersionDate "2023.09.30"]
[SourceQuality "1"]

1. d4 d5 2. c4 c6 3. Nf3 Nf6 4. Nc3 e6 5. Bg5 Nbd7 6. e3 Qa5 7. cxd5 exd5 8. Qc2 Bd6 9. Bd3 0-0 10. 0-0 h6 11. Bh4 Re8 12. a3 a6 13. b4 Qc7 14. Rfc1 g5 15. Bg3 Bxg3 16. hxg3 Qd6 17. Rab1 Ng4 18. e4 dxe4 19. Nxe4 Qf8 20. Re1 Ndf6 21. Nxf6+ Nxf6 22. Bc4 Be6 23. Bxe6 Rxe6 24. Rxe6 fxe6 25. Re1 Re8 26. Ne5 Qg7 27. Nd3 Nd5 28. Nc5 Qxd4 29. Qg6+ Kf8 30. Nxe6+ Rxe6 31. Rxe6 Ne7 32. Qxh6+ Ke8 33. Qh7 Qd7 34. Qg6+ 1-0

[Event "FIDE World Uni Rapid-C 1st"]
[Site "Tornelo INT"]
[Date "2021.03.21"]
[Round "10"]
[White "Toma, Radu Cristian"]
[Black "Mehta, Jwalin"]
[Result "1-0"]
[WhiteElo "2385"]
[BlackElo "2086"]
[PlyCount "153"]
[EventDate "2021.03.20"]
[EventType "swiss (rapid)"]
[EventRounds "12"]
[EventCountry "NET"]
[SourceTitle "CBM 201 Extra"]
[Source "ChessBase"]
[SourceDate "2021.05.31"]
[SourceVersion "1"]
[SourceVersionDate "2021.05.31"]
[SourceQuality "1"]

1. Nf3 d5 2. e3 Nf6 3. c4 c6 4. Nc3 g6 5. b3 Bg7 6. Bb2 0-0 7. Be2 Bg4 8. 0-0 Nbd7 9. h3 Bxf3 10. Bxf3 Nb6 11. cxd5 Nfxd5 12. Qe2 e5 13. Rac1 Nb4 14. Ba3 a5 15. Rfd1 Re8 16. d3 f5 17. Bb2 Qe7 18. e4 f4 19. a3 Na6 20. Nb1 Nc5 21. Qc2 Ne6 22. Nd2 Red8 23. Nc4 Nxc4 24. Qxc4 Kh8 25. Bg4 Nd4 26. Bxd4 Rxd4 27. Qc5 Bf8 28. Qxe7 Bxe7 29. a4 Rad8 30. Be2 Rb4 31. Rc3 Kg7 32. Rb1 Kf6 33. Rc4 Rd4 34. Rxd4 Rxd4 35. Rc1 Ba3 36. Ra1 Bc5 37. Rc1 Bb6 38. Kf1 Rb4 39. Bd1 Ke6 40. g3 g5 41. Kg2 Rd4 42. Be2 Rd8 43. Kf3 Rf8 44. g4 Bd4 45. h4 gxh4 46. Rh1 b5 47. Rxh4 Rf7 48. Rh6+ Kd7 49. axb5 cxb5 50. Ra6 a4 51. bxa4 b4 52. Bd1 Rf8 53. Rh6 Rc8 54. Rxh7+ Kd6 55. Rb7 Rc3 56. Be2 b3 57. g5 Rc1 58. Rxb3 Rg1 59. a5 Rxg5 60. a6 Rg7 61. Bd1 Rh7 62. Ra3 Rh2 63. a7 Rxf2+ 64. Kg4 Bxa7 65. Rxa7 Rd2 66. Ba4 Ke6 67. Bb3+ Kf6 68. Bc4 Rf2 69. Rf7+ Kg6 70. Rf5 Rg2+ 71. Kf3 Rg5 72. Rxg5+ Kxg5 73. d4 exd4 74. Bd3 Kf6 75. Kxf4 Ke6 76. e5 Kd5 77. Bb1 1-0

[Event "FIDE World Uni Blitz-A 1st"]
[Site "Tornelo INT"]
[Date "2021.03.13"]
[Round "5.34"]
[White "Gracia Alvarez, Gerardo Antonio"]
[Black "Mehta, Jwalin"]
[Result "0-1"]
[WhiteElo "2308"]
[BlackElo "2086"]
[PlyCount "86"]
[EventDate "2021.03.13"]
[EventType "swiss (blitz)"]
[EventRounds "10"]
[EventCountry "NET"]
[SourceTitle "EXT 2022"]
[Source "ChessBase"]
[SourceDate "2021.10.06"]
[SourceVersion "1"]
[SourceVersionDate "2021.10.06"]
[SourceQuality "1"]

1. e4 e6 2. d4 d5 3. Nd2 Nf6 4. e5 Nfd7 5. Bd3 c5 6. c3 Nc6 7. Ne2 cxd4 8. cxd4 f6 9. exf6 Nxf6 10. Nf3 Qc7 11. 0-0 Bd6 12. Bd2 0-0 13. Rc1 Bd7 14. Ng3 Rae8 15. Re1 a6 16. Bc3 Qb6 17. a3 Kh8 18. Rc2 Bb8 19. Rce2 Ba7 20. Bb1 Qc7 21. Qd3 Ne7 22. Qd2 Nf5 23. Nxf5 exf5 24. Rxe8 Nxe8 25. Re5 Nd6 26. Rxd5 Nc4 27. Qg5 Be6 28. Re5 Nxe5 29. Nxe5 Qd8 30. Qh5 Qe8 31. Qh4 Bb8 32. g4 Bxe5 33. dxe5 Qg6 34. h3 Qh6 35. Qe7 Rg8 36. Bxf5 Qc1+ 37. Kh2 Qf4+ 38. Kg1 Bxf5 39. gxf5 Qxf5 40. e6 Qg6+ 41. Kf1 Re8 42. Qd7 Rxe6 43. Bxg7+ Kg8 0-1

[Event "IND-ch U15"]
[Site "Jammu"]
[Date "2015.09.25"]
[Round "7"]
[White "Aradhya, Garg"]
[Black "Mehta, Jwalin"]
[Result "1-0"]
[WhiteElo "2180"]
[BlackElo "2144"]
[PlyCount "84"]
[EventDate "2015.09.21"]
[EventType "swiss"]
[EventRounds "11"]
[EventCountry "IND"]
[SourceTitle "EXT 2016"]
[Source "ChessBase"]
[SourceDate "2015.10.08"]
[SourceVersion "1"]
[SourceVersionDate "2015.10.08"]
[SourceQuality "1"]

1. d4 Nf6 2. Nf3 d5 3. c4 c6 4. e3 e6 5. b3 Nbd7 6. Bb2 Bd6 7. Bd3 0-0 8. 0-0 b6 9. Nbd2 Bb7 10. Ne5 c5 11. cxd5 exd5 12. f4 Ne4 13. Nxe4 dxe4 14. Bc4 Nf6 15. Qe2 Qe7 16. Rad1 cxd4 17. exd4 Rad8 18. g4 Nd5 19. g5 Bb8 20. Qh5 b5 21. Bxd5 Rxd5 22. Ng4 e3 23. Rde1 e2 24. Rxe2 Qc7 25. Rg2 Kh8 26. Rg3 Qc6 27. Ne3 Rc8 28. Rh3 h6 29. Qxf7 Rd7 30. d5 Rxf7 31. dxc6 Rxc6 32. Rxh6+ Rxh6 33. gxh6 Rxf4 34. hxg7+ Kh7 35. Rxf4 Bxf4 36. Nf5 Bc8 37. g8Q+ Kxg8 38. Ne7+ Kf7 39. Nxc8 Be3+ 40. Kg2 Ke6 41. Kf3 Bc5 42. h4 Kd7 1-0

[Event "IND-ch U15"]
[Site "Jammu"]
[Date "2015.09.24"]
[Round "6"]
[White "Mehta, Jwalin"]
[Black "Raghunandan, Kaumandur Srihari"]
[Result "1/2-1/2"]
[WhiteElo "2144"]
[BlackElo "2248"]
[PlyCount "63"]
[EventDate "2015.09.21"]
[EventType "swiss"]
[EventRounds "11"]
[EventCountry "IND"]
[SourceTitle "EXT 2016"]
[Source "ChessBase"]
[SourceDate "2015.10.08"]
[SourceVersion "1"]
[SourceVersionDate "2015.10.08"]
[SourceQuality "1"]

1. d4 Nf6 2. c4 Nc6 3. Nf3 e6 4. Nc3 Bb4 5. Qc2 d6 6. Bd2 Qe7 7. a3 Bxc3 8. Bxc3 e5 9. d5 Nb8 10. e4 a5 11. Be2 0-0 12. 0-0 a4 13. c5 Bg4 14. cxd6 cxd6 15. Ne1 Bxe2 16. Qxe2 Na6 17. Nd3 Nd7 18. f4 exf4 19. Rxf4 Rfe8 20. Rg4 f6 21. Rf1 Ne5 22. Rg3 Ng6 23. Nf4 Qxe4 24. Qd2 Nc7 25. Bxf6 gxf6 26. Nxg6 hxg6 27. Qh6 Nxd5 28. Rxg6+ Kf7 29. Rgxf6+ Nxf6 30. Qxf6+ Kg8 31. Qf7+ Kh8 32. Qf6+ 1/2-1/2

[Event "IND-ch U19 44th"]
[Site "Mumbai"]
[Date "2014.07.12"]
[Round "4"]
[White "Narayanan, Sunilduth Lyna"]
[Black "Mehta, Jwalin"]
[Result "1-0"]
[WhiteElo "2409"]
[BlackElo "1822"]
[PlyCount "99"]
[EventDate "2014.07.10"]
[EventType "swiss"]
[EventRounds "11"]
[EventCountry "IND"]
[SourceTitle "EXT 2016"]
[Source "ChessBase"]
[SourceDate "2015.10.08"]
[SourceVersion "1"]
[SourceVersionDate "2015.10.08"]
[SourceQuality "1"]

1. d4 d5 2. c4 c6 3. Nf3 Nf6 4. Nc3 dxc4 5. a4 Bg4 6. Ne5 Bh5 7. g3 e6 8. Bg2 Bb4 9. 0-0 0-0 10. Nxc4 a5 11. Ne5 Na6 12. Bg5 Be7 13. Qd2 h6 14. Bf4 Nd5 15. g4 Nxf4 16. Qxf4 Bg5 17. Qg3 Bg6 18. Nxg6 fxg6 19. e3 Bh4 20. Qe5 Qf6 21. Ne4 Qxe5 22. dxe5 Be7 23. Rfd1 Rad8 24. Bf1 Nb4 25. Bc4 Nd5 26. Rd3 h5 27. h3 Rf3 28. Kg2 Rdf8 29. Bxd5 exd5 30. Nf6+ Bxf6 31. Kxf3 Bh4+ 32. Kg2 Rxf2+ 33. Kg1 Rxb2 34. Rf1 hxg4 35. hxg4 Rb4 36. Rd4 Bg5 37. Rxb4 Bxe3+ 38. Kg2 axb4 39. e6 Bc5 40. a5 b3 41. Rf7 b5 42. a6 b2 43. Rf1 b1Q 44. Rxb1 Kf8 45. Rc1 Bd4 46. Rxc6 Ke7 47. Kf3 b4 48. a7 Bxa7 49. Rc7+ Kxe6 50. Rxa7 1-0

[Event "IND-ch U13"]
[Site "Puducherry"]
[Date "2013.07.06"]
[Round "9"]
[White "Grahesh, Y."]
[Black "Mehta, Jwalin"]
[Result "1-0"]
[WhiteElo "2057"]
[BlackElo "1741"]
[PlyCount "70"]
[EventDate "2013.06.30"]
[EventType "swiss"]
[EventRounds "11"]
[EventCountry "IND"]
[SourceTitle "EXT 2014"]
[Source "ChessBase"]
[SourceDate "2013.11.20"]
[SourceVersion "1"]
[SourceVersionDate "2013.11.20"]
[SourceQuality "1"]

1. c4 c6 2. Nc3 d5 3. d4 Nf6 4. Nf3 dxc4 5. a4 Bg4 6. e3 e6 7. Bxc4 Bb4 8. Bd2 a5 9. 0-0 0-0 10. Be2 Qb6 11. Ne5 Bxe2 12. Nxe2 Na6 13. Rc1 Rfd8 14. Nc4 Qc7 15. Bxb4 Nxb4 16. Qb3 Rac8 17. Nf4 Nbd5 18. Nd3 Ng4 19. g3 h5 20. Kg2 h4 21. Nde5 Nxe5 22. Nxe5 Qe7 23. Nf3 g5 24. e4 h3+ 25. Kxh3 g4+ 26. Kxg4 f5+ 27. Kh3 fxe4 28. Ne5 Qh7+ 29. Kg2 Rf8 30. f3 exf3+ 31. Rxf3 Qh6 32. Rcf1 Rxf3 33. Qxf3 Rc7 34. Rf2 Ne3+ 35. Kg1 Nf5 1-0